Datum a čas kvízu
21.5
Celkem bodů
Celkový počet nahraných bodů na tomto kvízu bez doplňovacích otázek.
11.
Pořadí na kvízu
Konečné umístění týmu na tomto kvízu.
Zaznamenané odpovědi
| # | Otázka | Odpověď | Body | Výsledky |
|---|---|---|---|---|
| 1. | Minulou středu byly uděleny ce... | 1 | ||
| 2. | Minulý týden bylo oznámeno zah... | 1 | ||
| 3. | Jak se jmenuje nové album skup... | 1 | ||
| 4. | Oděvní gigant H&M se potýká s... | 1 | ||
| 5. | Argentinský útočník Carlos Tév... | 0 | ||
| 6. | Zaměříme se na nová slova v če... | 0 | ||
| 7. | Jak se jmenuje politik, který... | 0 | ||
| 8. | Někdy dochází jen k posunu výz... | 0 | ||
| 9. | Jak se nazývá termín, který by... | 0 | ||
| 10. | Tvorba neologismů není jen zál... | 0 |